000 00442nam a22001697a 4500
003 LK-CoDNM
005 20240906142741.0
008 240906b |||||||| |||| 00| 0 eng d
040 _aLK-CoDNM
_dLK-CoDNM
_eLK-CoDNM
041 _aeng
080 _a6
_bB11
100 _aPayne,C.W
245 _aCeylon, Its Products , Capabilities,And,Climate
260 _aOlarke,Blelen,And,Co
_bLondon
_c1854
300 _avii , 142p ; 11cm
942 _cBK
999 _c151466
_d151466